00393nam a22001337a 4500020001500000082001100015100001500026245005200041260003200093300000900125942000700134999001500141952010300156 a8175543345 a370.72 aAndy Green aCreativity in Public Relations. PR in Practice. aNew DelhibKogan pagec2008 a244p cBK c3555d3555 001040708NFICaCLbCLcGENd2016-08-03l0m1o370.72 GREpS3H-S-842r2021-05-06w2016-08-03yBK